• 首页
  • 本馆介绍
  • 公告通知
  • 最新文献
  • 馆藏检索
  • 电子资源
  • 读者导购
  • 参考咨询
  • 我的图书馆
  • 登录
  • 详细信息显示
  • 放入我的书架
  • 预约/预借图书
  • 作者相关作品
  • 分类相关作品
  • 丛书相关作品
  • 出版社相关作品

书目信息

  • 表格格式
  • 工作单格式
  • 卡片格式
题名:
四季手工美味
    
 
作者: 柳原一成 , 柳原尚之 著 ;霍红雪 译
分册:  
出版信息: 北京   北京美术摄影出版社  2020
页数: 159页
开本: 26cm
丛书名:
单 册:
中图分类: TS972.183.13 , TS972.18
科图分类:
主题词: 菜谱--日本
电子资源:
ISBN: 978-7-5592-0273-4
000 01074nam0 2200253 450
001 2129097473
005 20211118080547.28
010    @a978-7-5592-0273-4@dCNY59.00
100    @a20200713d2020 em y0chiy50 ea
101 1  @achi@cjpn
102    @aCN@b110000
105    @aa z 000yy
200 1  @a四季手工美味@9si ji shou gong mei wei@f(日)柳原一成,柳原尚之著@g霍红雪译
210    @a北京@c北京美术摄影出版社@d2020
215    @a159页@c彩图@d26cm
330    @a本书是日本一对父子料理研究家的共同著作,按照春、夏、秋、冬的四季顺序,介绍了各种季节性食材的加工方法。本书中介绍的手工料理大多简单易做,不需要复杂的烹饪程序,保持了食材原本的味道。本书图文并茂,对所需食材和制作步骤介绍得非常详细,书中不仅有手工料理的制作方法,作者还通过细腻的文字将做料理过程中的点点滴滴感悟与读者进行了分享。
606 0  @a菜谱@y日本
690    @aTS972.183.13@v5
690    @aTS972.18@v4
701  0 @c(日)@a柳原一成@9liu yuan yi cheng@4著
701  0 @c(日)@a柳原尚之@9liu yuan shang zhi@4著
702  0 @a霍红雪@9huo hong xue@4译
801  0 @aCN@b山东中教@c20211112
905    @aZUCC@dTS972.18@e5
    
    四季手工美味/(日)柳原一成,柳原尚之著/霍红雪译.-北京:北京美术摄影出版社,2020
    159页:彩图;26cm
    
    
    ISBN 978-7-5592-0273-4:CNY59.00
    本书是日本一对父子料理研究家的共同著作,按照春、夏、秋、冬的四季顺序,介绍了各种季节性食材的加工方法。本书中介绍的手工料理大多简单易做,不需要复杂的烹饪程序,保持了食材原本的味道。本书图文并茂,对所需食材和制作步骤介绍得非常详细,书中不仅有手工料理的制作方法,作者还通过细腻的文字将做料理过程中的点点滴滴感悟与读者进行了分享。
●
相关链接 在五车中查询图书 在当当中查询图书 在豆瓣中查询图书


正题名:四季手工美味     索取号:TS972.18/5         预约/预借

序号 登录号 条形码 馆藏地/架位号 状态 备注
1 2000889906   2000889906   第三书库/ [索取号:TS972.18/5] 在馆    
2 2000889907   2000889907   第三书库/ [索取号:TS972.18/5] 在馆    
3 2000889908   2000889908   第三书库/ [索取号:TS972.18/5] 在馆    
山东省滨州职业学院图书馆 欢迎您!
大连网信软件有限公司© 版权所有